000 00921nam a2200205Ia 4500
008 0000001983 fr a 0000000000fre00
090 _aPUS00 F71e3
100 1 _aFranzheim, Elizateth
_d1923
245 1 3 _aElizabeth Franzheim
_b: oeuvre recent = recent work
_c/ translation Jerome Reese ; photographies Bernard Matussiere
300 _a[32] p.
_c/ 21 cm.
500 _aExposición realizada en la Galerie d'Art International, Chicago, Diciembre 7, 1982 Enero 29, 1983 \ Con el patronazgo de la empresa colombiana PLARESA
600 0 0 _aFRANZHEIM, ELIZABETH, 1923/
_xTRABAJOS PICTORICOS
650 1 4 _aARTE CONTEMPORANEO ESTADOUNIDENSE
650 1 4 _xCATALOGOS
650 1 4 _aPINTORES ESTADOUNIDENSES
650 1 4 _aPINTURA ESTADOUNIDENSE
700 1 _aReese, Jerome, tr. \ Matussiere, Bernard
999 _c7723
_d7723
260 _aParis : Galerie d ́Art International
_c1983